000 00509nam a2200121Ia 4500
008 160712s9999 xx 000 0 und d
100 _aClemente, Jose Antonio.
245 _cJose Antonio Clemente
_aAn Empirical Analysis of Research Trends in the Philippine Journal of Psychology: Implications for Sikolohiyang Pilipino
260 _c2011
_bPhilippine Social Sciences Review
300 _avol. 63 no. 1
650 _xSOCIAL SCIENCES
856 _uhttp://journals.upd.edu.ph/index.php/pssr/issue/view/302/showToc
999 _c297681
_d297681